• 首页
  • 本馆介绍
  • 公告通知
  • 最新文献
  • 馆藏检索
  • 电子资源
  • 读者导购
  • 参考咨询
  • 我的图书馆
  • 登录
  • 详细信息显示
  • 放入我的书架
  • 预约/预借图书
  • 作者相关作品
  • 分类相关作品
  • 丛书相关作品
  • 出版社相关作品

书目信息

  • 表格格式
  • 工作单格式
  • 卡片格式
题名:
人的使命
    
 
作者: 费希特 著 ;沈真 , 梁志学 译
分册:  
出版信息: 北京   商务印书馆  1982
页数: 142页
开本: 21cm
丛书名:
单 册:
中图分类: B516.33
科图分类:
主题词: 费希特,J.G.(1762~1814)--哲学 , 费希特,J.G.(1762~1814)
电子资源:
ISBN:
000 00753nam0 2200265 45
001 0182006096
005 20060801084236.15
010    @dCNY0.68
091    @a2017.294
100    @a19950627d1982 em y0chiy0121 ea
101 1  @achi@cger
102    @aCN@b110000
105    @ay z 000yy
200 10 @a人的使命@Aren de shi ming@f(德)费希特著@F(De)Fei Xi Te Zhu@g梁志学,沈真译
210    @a北京@c商务印书馆@d1982
215    @a142页@d21cm
606 0  @a费希特,J.G.(1762~1814)@x哲学
606 0  @a费希特,J.G.(1762~1814)
690    @aB516.33@v3
701  0 @a费希特@4著
702  0 @a沈真@Ashen zhen@4译
702  0 @a梁志学@Aliang zhi xue@4译
801  0 @aCN@b上海图书馆@c20060801
801  2 @aCN@bNLC@c20060320
905    @dB516.33@e25@f1@b177518
    
    人的使命/(德)费希特著/梁志学,沈真译.-北京:商务印书馆,1982
    142页;21cm
    
    
    ISBN :CNY0.68
    
●
相关链接 在E读中查询图书 在五车中查询图书 在当当中查询图书 在豆瓣中查询图书


正题名:人的使命     索取号:B516.33/25         预约/预借

序号 登录号 条形码 馆藏地/架位号 状态 备注
1 0177518   000579476   第一样本阅览室/ [索取号:B516.33/25] 在馆    
2 0177519   202216743   密集书库/ [索取号:B516.33/25] 在馆    
3 0177520   000579519   第一借阅区/ [索取号:B516.33/25] 在馆    
4 0441106   204411065   密集书库/ [索取号:B516.33/25] 在馆    
唐山师范学院图书馆 欢迎您!
大连网信软件有限公司© 版权所有